[Event "II. CLANSKA LIGA ZAHOD 2019"]
[Site "Komenda"]
[Date "2019.11.15"]
[Round "1.1"]
[White "Sajn, Simon"]
[Black "Bajzelj, Primoz"]
[Result "1-0"]
[WhiteElo "2090"]
[BlackElo "2062"]
[PlyCount "53"]
[EventDate "2019.11.15"]
[WhiteTeam "SK RIMEX ILIRSKA BISTRICA"]
[BlackTeam "SD RADOVLJICA"]

1. d4 Nf6 2. Bf4 d5 3. e3 e6 4. Nd2 c5 5. c3 Nc6 6. Ngf3 Bd6 7. Bg3 O-O 8. Bd3
Re8 9. Ne5 Qc7 10. f4 b6 11. Bh4 Be7 12. O-O Bb7 13. Rf3 Ne4 14. Bxe7 Qxe7 15.
Rh3 f5 16. Bb5 Rec8 17. Bxc6 Bxc6 18. Nxe4 dxe4 19. Qh5 g5 20. fxg5 Qg7 21. g6
h6 22. Nf7 Be8 23. Nxh6+ Kf8 24. Nxf5 exf5 25. Qxf5+ Bf7 26. Rf1 Re8 27. Qxe4
1-0

[Event "II. CLANSKA LIGA ZAHOD 2019"]
[Site "Komenda"]
[Date "2019.11.15"]
[Round "1.2"]
[White "Anakiev, Dimitar"]
[Black "Lakovic, Igor"]
[Result "1-0"]
[WhiteElo "2002"]
[BlackElo "1988"]
[PlyCount "124"]
[EventDate "2019.11.15"]
[WhiteTeam "SD RADOVLJICA"]
[BlackTeam "SK RIMEX ILIRSKA BISTRICA"]

1. Nf3 Nf6 2. g3 b6 3. Bg2 Bb7 4. O-O e6 5. d3 Be7 6. e4 d6 7. Nc3 c5 8. Nh4
Nc6 9. f4 Qd7 10. f5 O-O-O 11. fxe6 fxe6 12. Bh3 Ne5 13. Nf5 g6 14. Ng7 Kb8 15.
Nxe6 Bc8 16. Nf4 Nfg4 17. Bg2 Rdf8 18. h3 g5 19. Nfd5 Rxf1+ 20. Bxf1 Nf6 21.
Bg2 g4 22. Nxf6 Bxf6 23. hxg4 Nxg4 24. Nd5 Bd4+ 25. Kf1 Qg7 26. Bf4 Rf8 27. Ke2
Ne5 28. Qh1 Bg4+ 29. Kd2 Be6 30. c3 Bf2 31. Qh4 Bxd5 32. exd5 Qg6 33. Be4 Qxe4
34. dxe4 Nf3+ 35. Ke2 Nxh4 36. Kxf2 Ng6 37. Ke3 Kc7 38. Rh1 Rf7 39. Rh5 Re7 40.
Rf5 b5 41. Rf6 Rd7 42. Re6 a5 43. a4 b4 44. Kd3 Nxf4+ 45. gxf4 Rg7 46. f5 Rg3+
47. Kc4 bxc3 48. bxc3 Kd7 49. f6 h5 50. Re7+ Kd8 51. Rh7 Rf3 52. f7 Ke7 53. Kb5
Rxc3 54. Kc6 c4 55. f8=Q+ Kxf8 56. Kxd6 Re3 57. e5 c3 58. e6 c2 59. Rc7 Re2 60.
Kd7 h4 61. d6 h3 62. e7+ Kf7 1-0

[Event "II. CLANSKA LIGA ZAHOD 2019"]
[Site "Komenda"]
[Date "2019.11.15"]
[Round "1.3"]
[White "Ursic, Aleksander"]
[Black "Buha, Drago"]
[Result "1/2-1/2"]
[WhiteElo "1900"]
[BlackElo "1949"]
[PlyCount "80"]
[EventDate "2019.11.15"]
[WhiteTeam "SK RIMEX ILIRSKA BISTRICA"]
[BlackTeam "SD RADOVLJICA"]

1. d4 c6 2. c4 d5 3. Nc3 Nf6 4. Nf3 g6 5. Bf4 Bg7 6. e3 O-O 7. Rc1 Bg4 8. Qb3
Bc8 9. Be5 Qa5 10. cxd5 Nxd5 11. Bxg7 Kxg7 12. Bc4 Nb6 13. O-O N8d7 14. Be2 Nf6
15. Ne5 Be6 16. Qc2 Nbd5 17. a3 Nd7 18. Nxd5 Qxd5 19. f4 Bf5 20. Qd2 Nxe5 21.
Rc5 Qd7 22. fxe5 b6 23. Rc3 Be4 24. Bf3 Bxf3 25. gxf3 Rfd8 26. Qg2 Rac8 27.
Rfc1 Rc7 28. f4 Rdc8 29. b4 h6 30. h3 b5 31. Kh2 a6 32. Rc5 Kh7 33. Qe4 e6 34.
h4 h5 35. Rg1 Kh6 36. Kh3 Ra7 37. Qg2 a5 38. Rgc1 axb4 39. axb4 Ra3 40. Qd2 Kg7
1/2-1/2

[Event "II. CLANSKA LIGA ZAHOD 2019"]
[Site "Komenda"]
[Date "2019.11.15"]
[Round "1.4"]
[White "Pretnar, Bostjan"]
[Black "Rolih, Miran"]
[Result "1/2-1/2"]
[WhiteElo "1768"]
[BlackElo "1880"]
[PlyCount "107"]
[EventDate "2019.11.15"]
[WhiteTeam "SD RADOVLJICA"]
[BlackTeam "SK RIMEX ILIRSKA BISTRICA"]

1. d4 Nf6 2. Nf3 c5 3. e3 cxd4 4. exd4 g6 5. Bd3 Bg7 6. O-O O-O 7. b3 Nc6 8. a3
d6 9. Bb2 Bg4 10. h3 Bd7 11. Re1 Nh5 12. Qc1 Nf6 13. Nbd2 Bh6 14. Qd1 Rc8 15.
Nf1 Nh5 16. N1h2 Nf4 17. Bf1 Bg7 18. Qd2 Nh5 19. c4 Na5 20. Qe3 Re8 21. Rab1
Qb6 22. Bc3 Qc7 23. Qd2 b6 24. Rec1 Bf5 25. Bd3 Bxd3 26. Qxd3 Nf4 27. Qd2 e5
28. Re1 f6 29. Nf1 Nc6 30. Ng3 Ne7 31. Rbc1 h5 32. Ne2 Ne6 33. Qd3 f5 34. Qd2
Bf6 35. dxe5 dxe5 36. Qb2 Nc6 37. Rcd1 Nc5 38. Nf4 e4 39. Bxf6 Qxf4 40. Bg5 Qc7
41. Nh4 Nd3 42. Qf6 Qg7 43. Re2 Qxf6 44. Bxf6 Kf7 45. Bc3 Rcd8 46. Red2 Nc5 47.
Rd6 Rxd6 48. Rxd6 Re6 49. Rxe6 Nxe6 50. Kf1 Ned4 51. b4 Nc2 52. Bb2 N6d4 53. g3
g5 54. Ng2 1/2-1/2

[Event "II. CLANSKA LIGA ZAHOD 2019"]
[Site "Komenda"]
[Date "2019.11.15"]
[Round "1.5"]
[White "Delost, Josko"]
[Black "Simnic, Franci"]
[Result "0-1"]
[WhiteElo "1673"]
[BlackElo "1664"]
[PlyCount "96"]
[EventDate "2019.11.15"]
[WhiteTeam "SK RIMEX ILIRSKA BISTRICA"]
[BlackTeam "SD RADOVLJICA"]

1. e4 c5 2. c4 Nc6 3. Nc3 e6 4. Nf3 Nf6 5. d4 cxd4 6. Nxd4 Qa5 7. Nb3 Qc7 8.
Be3 Bb4 9. f3 O-O 10. a3 Be7 11. Be2 d6 12. O-O Bd7 13. Qd2 Ne5 14. Nb5 Qb8 15.
N3d4 a6 16. Nc3 Qc7 17. b3 Rac8 18. Rfc1 Rfd8 19. a4 b6 20. h3 Ng6 21. Bf1 Qb7
22. Rab1 Nh4 23. Nde2 Bc6 24. Nd4 Bd7 25. Qf2 Ng6 26. Qd2 h6 27. Rd1 d5 28.
cxd5 Bb4 29. Nde2 exd5 30. Qd3 d4 31. Bxd4 Bxh3 32. Qe3 Rxd4 33. Rxd4 Bxc3 34.
Nxc3 Be6 35. Qd3 Rc5 36. b4 Rh5 37. Ne2 Qc7 38. Rd1 Qh2+ 39. Kf2 Qh4+ 40. Kg1
Ne5 41. Qe3 Qh1+ 42. Kf2 Nfg4+ 43. fxg4 Nxg4+ 44. Kf3 Nxe3 45. Kxe3 Qh4 46. g3
Qg5+ 47. Kf2 Bg4 48. Kg1 Qe3+ 0-1

[Event "II. CLANSKA LIGA ZAHOD 2019"]
[Site "Komenda"]
[Date "2019.11.15"]
[Round "1.6"]
[White "Torkar, Boris"]
[Black "Smolej, Ziga"]
[Result "1-0"]
[WhiteElo "1777"]
[BlackElo "1632"]
[PlyCount "71"]
[EventDate "2019.11.15"]
[WhiteTeam "SD RADOVLJICA"]
[BlackTeam "SK RIMEX ILIRSKA BISTRICA"]

1. d4 Nf6 2. c4 e6 3. Nc3 Bb4 4. Bd2 O-O 5. a3 Bxc3 6. Bxc3 d5 7. e3 Ne4 8. Bb4
Re8 9. Nf3 Nd7 10. Be2 a5 11. Bd2 c6 12. O-O b6 13. Qc2 Bb7 14. Bd3 f5 15. b4
Rf8 16. bxa5 bxa5 17. Rab1 Ra7 18. c5 Rf6 19. Rb3 Rh6 20. Rfb1 Bc8 21. Rb6 g5
22. Ne5 Nxe5 23. dxe5 g4 24. Bxe4 fxe4 25. Rb8 Qh4 26. Rxc8+ Kg7 27. h3 Rf7 28.
Bxa5 Rg6 29. Bd8 Qh5 30. Qe2 Qf5 31. Bf6+ Kh6 32. Rbb8 gxh3 33. g3 Rfxf6 34.
exf6 Rg5 35. Rg8 h2+ 36. Kh1 1-0

[Event "II. CLANSKA LIGA ZAHOD 2019"]
[Site "Komenda"]
[Date "2019.11.15"]
[Round "1.1"]
[White "Rodman, Franc"]
[Black "Olenik Campa, Rudi"]
[Result "1/2-1/2"]
[WhiteElo "2052"]
[BlackElo "1997"]
[PlyCount "80"]
[EventDate "2019.11.15"]
[WhiteTeam "SD SIJ ACRONI JESENICE"]
[BlackTeam "SD DOMZALE TAJFUN 2"]

1. d4 Nf6 2. Nf3 g6 3. c4 Bg7 4. g3 d6 5. Bg2 O-O 6. O-O Nc6 7. Nc3 e5 8. d5
Ne7 9. c5 Ne8 10. cxd6 cxd6 11. e4 f5 12. Be3 Nf6 13. Ng5 Ng4 14. Bc1 f4 15.
Bf3 h5 16. Ne6 Bxe6 17. dxe6 Nh6 18. Nd5 Nc6 19. Bg2 Re8 20. gxf4 Qh4 21. Qf3
exf4 22. Bxf4 Nd4 23. Qh3 Qxh3 24. Bxh3 Nxe6 25. Bxe6+ Rxe6 26. Bxh6 Bxh6 27.
Nc7 Rae8 28. Nxe8 Rxe8 29. Rae1 Bf4 30. Kg2 Rc8 31. Re2 Kg7 32. h4 Kf6 33. Rd1
Ke6 34. Kf3 Be5 35. Rg1 Rf8+ 36. Ke3 Rf6 37. Rc2 Kd7 38. f3 Bf4+ 39. Kf2 a6 40.
b3 Re6 1/2-1/2

[Event "II. CLANSKA LIGA ZAHOD 2019"]
[Site "Komenda"]
[Date "2019.11.15"]
[Round "1.2"]
[White "Osolin, Bogdan"]
[Black "Zeleznik, Alojz"]
[Result "0-1"]
[WhiteElo "1976"]
[BlackElo "2161"]
[PlyCount "102"]
[EventDate "2019.11.15"]
[WhiteTeam "SD DOMZALE TAJFUN 2"]
[BlackTeam "SD SIJ ACRONI JESENICE"]

1. e4 c5 2. b4 cxb4 3. d4 e6 4. Bb2 d5 5. Nd2 Nc6 6. Ngf3 Nf6 7. Bd3 Be7 8. g4
Nd7 9. h4 Nb6 10. c3 bxc3 11. Bxc3 dxe4 12. Nxe4 Nd5 13. Bb2 Bd7 14. a3 Qa5+
15. Kf1 Nf6 16. g5 Nxe4 17. Bxe4 Qb5+ 18. Qe2 Qxe2+ 19. Kxe2 O-O 20. h5 Rac8
21. Bc3 f5 22. Bd3 Bd6 23. Bd2 Ne7 24. Rhb1 Bc6 25. Ne5 Bxe5 26. dxe5 Rfd8 27.
Bb5 Bxb5+ 28. Rxb5 b6 29. Rb2 Rd4 30. f3 Rh4 31. Rf1 Rxh5 32. a4 Rh2+ 33. Rf2
Rxf2+ 34. Kxf2 Nd5 35. a5 Kf7 36. axb6 axb6 37. Ra2 Rc7 38. Rb2 Rb7 39. Rb5 Ke7
40. Kg3 Kd7 41. Kh4 g6 42. Kg3 Kc6 43. Rb1 b5 44. Ba5 b4 45. Kf2 Kb5 46. Bd8
Kc4 47. Ke1 Kd3 48. Rd1+ Kc4 49. Ba5 Rb5 50. Bd8 b3 51. Rc1+ Nc3 0-1

[Event "II. CLANSKA LIGA ZAHOD 2019"]
[Site "Komenda"]
[Date "2019.11.15"]
[Round "1.3"]
[White "Jeraj, Zlatko"]
[Black "Cokan, Mirko"]
[Result "0-1"]
[WhiteElo "2032"]
[BlackElo "1728"]
[PlyCount "163"]
[EventDate "2019.11.15"]
[WhiteTeam "SD SIJ ACRONI JESENICE"]
[BlackTeam "SD DOMZALE TAJFUN 2"]

1. d4 Nf6 2. c4 e5 3. e3 exd4 4. exd4 Bb4+ 5. Bd2 Bxd2+ 6. Nxd2 O-O 7. Bd3 Nc6
8. Ne2 d5 9. O-O Bg4 10. f3 Bh5 11. Re1 dxc4 12. Nxc4 Re8 13. Qd2 Qd7 14. Rad1
Rad8 15. Ne3 Bg6 16. Bxg6 hxg6 17. a3 Re7 18. d5 Qe8 19. Nc3 Nh5 20. Qf2 Nb8
21. Nc4 b6 22. d6 cxd6 23. Nxd6 Rxd6 24. Rxe7 Rxd1+ 25. Nxd1 Qxe7 26. Nc3 Qc5
27. Qxc5 bxc5 28. g3 Nf6 29. Kf2 Kf8 30. Ke3 Ke7 31. Kd3 a6 32. Kc4 Kd6 33. b4
cxb4 34. axb4 Nbd7 35. b5 Ne5+ 36. Kd4 Nxf3+ 37. Ke3 Ne5 38. bxa6 Kc6 39. a7
Nc4+ 40. Kd4 Nb6 41. h3 Kb7 42. Nb5 Nc8 43. g4 Ne8 44. Ke5 Nxa7 45. Na3 Nc6+
46. Kf4 Nc7 47. h4 Ne6+ 48. Kg3 Ne7 49. g5 Kc6 50. Kg4 Kc5 51. h5 gxh5+ 52.
Kxh5 Kd4 53. Nb5+ Ke5 54. Kg4 Nd5 55. Na3 Ke4 56. Nb5 Ke5 57. Na3 Ne3+ 58. Kf3
Kd4 59. Nb5+ Kd3 60. g6 fxg6 61. Nd6 Nf5 62. Nf7 Kd4 63. Nh8 Ne7 64. Nf7 Nc6
65. Nd6 Ne5+ 66. Kg3 Kd5 67. Nb5 g5 68. Nc3+ Kd4 69. Nb5+ Ke3 70. Nd6 g6 71.
Ne8 Nf4 72. Nd6 Ne2+ 73. Kg2 g4 74. Ne8 Nf3 75. Nf6 Kf4 76. Nd5+ Kg5 77. Kf2
Nf4 78. Ne3 Kh4 79. Nf1 Kh3 80. Ne3 Nh2 81. Kg1 g3 82. Kh1 0-1

[Event "II. CLANSKA LIGA ZAHOD 2019"]
[Site "Komenda"]
[Date "2019.11.15"]
[Round "1.4"]
[White "Borstar, Dusan"]
[Black "Pazlar, Marko"]
[Result "1/2-1/2"]
[WhiteElo "1746"]
[BlackElo "2028"]
[PlyCount "73"]
[EventDate "2019.11.15"]
[WhiteTeam "SD DOMZALE TAJFUN 2"]
[BlackTeam "SD SIJ ACRONI JESENICE"]

1. e4 e6 2. Nf3 d5 3. exd5 exd5 4. d4 Bd6 5. h3 Bf5 6. Bd3 Ne7 7. Be3 c6 8. c3
O-O 9. Qc2 Qd7 10. Nbd2 Bxd3 11. Qxd3 Qf5 12. Qxf5 Nxf5 13. Nf1 Re8 14. O-O-O
Nd7 15. Kc2 Nf6 16. N3d2 h5 17. Rg1 h4 18. Bg5 Ne4 19. Nxe4 Rxe4 20. Ne3 Nxe3+
21. Bxe3 Rae8 22. Kd3 f6 23. b4 a5 24. a3 b5 25. Rde1 a4 26. f3 R4e6 27. Bd2
Kf7 28. Rxe6 Rxe6 29. f4 f5 30. Rf1 Re4 31. Rf3 Kg6 32. Be3 Be7 33. Bf2 Kh5 34.
Be3 Re6 35. Rf1 Re4 36. Bd2 Re6 37. Be3 1/2-1/2

[Event "II. CLANSKA LIGA ZAHOD 2019"]
[Site "Komenda"]
[Date "2019.11.15"]
[Round "1.5"]
[White "Pavlin, Ivan"]
[Black "Faganel, Kaja"]
[Result "1-0"]
[WhiteElo "1858"]
[BlackElo "1457"]
[PlyCount "113"]
[EventDate "2019.11.15"]
[WhiteTeam "SD SIJ ACRONI JESENICE"]
[BlackTeam "SD DOMZALE TAJFUN 2"]

1. d4 c5 2. d5 Nf6 3. c4 g6 4. Nc3 Bg7 5. e4 d6 6. Nf3 Bg4 7. Be2 O-O 8. h3
Bxf3 9. Bxf3 Nbd7 10. O-O a6 11. Be2 Qc7 12. Bf4 Ne5 13. Qc2 Nfd7 14. Bh2 Nb6
15. Nd1 e6 16. f4 Ned7 17. Rb1 exd5 18. exd5 f5 19. Kh1 Nf6 20. Nc3 Rae8 21.
Rbe1 Re7 22. Bd3 Rfe8 23. Rxe7 Rxe7 24. Qd2 Qd8 25. Re1 Qe8 26. Rxe7 Qxe7 27.
Qe2 Qxe2 28. Bxe2 Kf7 29. g4 h6 30. Kg2 Nc8 31. Kf3 Nd7 32. Nd1 Bd4 33. Bd3 Ne7
34. Bg3 Nb6 35. b3 Nbc8 36. Bh4 Bf6 37. Be1 Bd4 38. a3 b5 39. Ba5 Ke8 40. cxb5
axb5 41. Bxb5+ Kf7 42. Bc4 g5 43. fxg5 hxg5 44. gxf5 Nxf5 45. Kg4 Kf6 46. Bd8+
Nce7 47. a4 Nh6+ 48. Kf3 Nf7 49. Bxe7+ Kxe7 50. Ke4 Kf6 51. a5 Ne5 52. a6 Nd7
53. a7 Nb6 54. Ne3 Kg6 55. Nf5 Be5 56. Bb5 Kh5 57. Be8# 1-0

[Event "II. CLANSKA LIGA ZAHOD 2019"]
[Site "Komenda"]
[Date "2019.11.15"]
[Round "1.6"]
[White "Ustar, Jure"]
[Black "Ravnik, Franc"]
[Result "0-1"]
[WhiteElo "1177"]
[BlackElo "1871"]
[PlyCount "88"]
[EventDate "2019.11.15"]
[WhiteTeam "SD DOMZALE TAJFUN 2"]
[BlackTeam "SD SIJ ACRONI JESENICE"]

1. d4 d5 2. e3 Nf6 3. c4 c6 4. c5 g6 5. Nf3 Bg7 6. Be2 O-O 7. O-O Nbd7 8. Nbd2
b6 9. b4 bxc5 10. bxc5 Ne4 11. Rb1 Nc3 12. Qc2 Nxb1 13. Qxb1 e5 14. dxe5 Nxe5
15. Nxe5 Bxe5 16. Nf3 Bg7 17. Rd1 Qc7 18. Qc2 Bf5 19. Bd3 Bxd3 20. Rxd3 Rab8
21. Bd2 Rb7 22. Ra3 Rfb8 23. Nd4 Bf8 24. g3 Qd7 25. Qa4 Qh3 26. Rb3 Rxb3 27.
axb3 Bxc5 28. Nxc6 Rb7 29. b4 Bb6 30. Qa6 Rc7 31. b5 Qf5 32. Bc3 Qe4 33. Be5
Rxc6 34. bxc6 Qxe5 35. Qc8+ Kg7 36. Kg2 Qe4+ 37. Kg1 Qe5 38. Kg2 Qc7 39. Qe8 a5
40. e4 d4 41. Kf3 a4 42. Ke2 a3 43. Qa8 Ba7 44. Qe8 a2 0-1

[Event "II. CLANSKA LIGA ZAHOD 2019"]
[Site "Komenda"]
[Date "2019.11.15"]
[Round "1.1"]
[White "Luzar, Emil"]
[Black "Sivic, Klemen"]
[Result "1/2-1/2"]
[WhiteElo "2115"]
[BlackElo "2056"]
[PlyCount "79"]
[EventDate "2019.11.15"]
[WhiteTeam "SK DOLENJSKE TOPLICE"]
[BlackTeam "SK TRZIN"]

1. e4 e6 2. d4 d5 3. e5 c5 4. dxc5 Nc6 5. Nf3 Bxc5 6. Bd3 f6 7. Qe2 fxe5 8.
Nxe5 Nf6 9. Nxc6 bxc6 10. Nd2 O-O 11. Nf3 e5 12. Nxe5 Bxf2+ 13. Qxf2 Ng4 14.
Nxg4 Bxg4 15. Qd4 Qh4+ 16. g3 Rae8+ 17. Kd2 Qh3 18. Kc3 Bf3 19. Rg1 c5 20. Qh4
d4+ 21. Kb3 Qe6+ 22. Ka3 h6 23. b3 Bd5 24. Bd2 c4 25. Bxc4 Bxc4 26. Qxd4 Be2
27. Rae1 Rd8 28. Qe3 Qa6+ 29. Kb2 Rfe8 30. Qf4 Rf8 31. Qb4 Rb8 32. Qc5 Rbc8 33.
Qd5+ Kh8 34. Bxh6 Rxc2+ 35. Kxc2 Qxa2+ 36. Kc3 Rc8+ 37. Kd4 Qb2+ 38. Ke3 Re8+
39. Kf2 Rf8+ 40. Ke3 1/2-1/2

[Event "II. CLANSKA LIGA ZAHOD 2019"]
[Site "Komenda"]
[Date "2019.11.15"]
[Round "1.2"]
[White "Krupenko, Peter"]
[Black "Stubljar, Andrej"]
[Result "1-0"]
[WhiteElo "1893"]
[BlackElo "2004"]
[PlyCount "79"]
[EventDate "2019.11.15"]
[WhiteTeam "SK TRZIN"]
[BlackTeam "SK DOLENJSKE TOPLICE"]

1. Nf3 Nf6 2. g3 b6 3. Bg2 Bb7 4. O-O e6 5. d4 Be7 6. c4 O-O 7. Nc3 d5 8. Ne5
Qc8 9. Bf4 Rd8 10. Rc1 dxc4 11. Qa4 Bxg2 12. Kxg2 Qb7+ 13. Kg1 Nd5 14. Qxc4 c5
15. dxc5 bxc5 16. b3 Nc6 17. Qb5 Qxb5 18. Nxb5 Nxf4 19. gxf4 Nxe5 20. fxe5 Rd2
21. Nc3 f5 22. Rfd1 Bg5 23. Rxd2 Bxd2 24. Rc2 Rd8 25. e3 g5 26. Na4 Bb4 27.
Nxc5 Rc8 28. Rc4 Bxc5 29. b4 Kf7 30. bxc5 Rc6 31. Kg2 h5 32. h4 Kg6 33. Kg3
gxh4+ 34. Kxh4 f4 35. exf4 Kf5 36. Kxh5 a5 37. a4 Rc8 38. Kh6 Rc7 39. c6 Kg4
40. Kg6 1-0

[Event "II. CLANSKA LIGA ZAHOD 2019"]
[Site "Komenda"]
[Date "2019.11.15"]
[Round "1.3"]
[White "Pucelj, Joze"]
[Black "Lah, Emil"]
[Result "0-1"]
[WhiteElo "2079"]
[BlackElo "1951"]
[PlyCount "76"]
[EventDate "2019.11.15"]
[WhiteTeam "SK DOLENJSKE TOPLICE"]
[BlackTeam "SK TRZIN"]

1. e4 c5 2. Nf3 d6 3. Bb5+ Nd7 4. O-O Ngf6 5. Re1 g6 6. c3 Bg7 7. d4 O-O 8.
Nbd2 a6 9. Bf1 b6 10. Qe2 Bb7 11. e5 dxe5 12. dxe5 Ng4 13. e6 Nde5 14. h3 Nxf3+
15. Nxf3 Bxf3 16. Qxf3 Ne5 17. Qg3 Qd5 18. exf7+ Rxf7 19. Bf4 Rf5 20. Rad1 Qe6
21. Bd3 Rxf4 22. Qxf4 Nxd3 23. Rxe6 Nxf4 24. Rxe7 Bf8 25. Rb7 b5 26. Rdd7 Re8
27. Kf1 c4 28. Rd1 Nd3 29. b3 Nc5 30. Ra7 Re6 31. bxc4 bxc4 32. Rd4 Nd3 33. g4
Rc6 34. f4 Rc8 35. Rxa6 Bg7 36. Rd7 Bxc3 37. f5 gxf5 38. gxf5 Nc5 0-1

[Event "II. CLANSKA LIGA ZAHOD 2019"]
[Site "Komenda"]
[Date "2019.11.15"]
[Round "1.4"]
[White "Rojs, Igor"]
[Black "Janko, Roman"]
[Result "1-0"]
[WhiteElo "1995"]
[BlackElo "1859"]
[PlyCount "165"]
[EventDate "2019.11.15"]
[WhiteTeam "SK TRZIN"]
[BlackTeam "SK DOLENJSKE TOPLICE"]

1. d4 d5 2. Nf3 Nf6 3. Bf4 Bf5 4. e3 e6 5. c4 c6 6. Nc3 Bd6 7. Qb3 b6 8. Bg3
O-O 9. Be2 Ne4 10. Nxe4 Bxe4 11. O-O Bxg3 12. hxg3 Nd7 13. Rac1 c5 14. Rfd1 Qe7
15. Nd2 dxc4 16. Bxc4 Bb7 17. Nf3 Bxf3 18. gxf3 cxd4 19. Rxd4 Nc5 20. Qb5 Qb7
21. Kg2 a6 22. Qb4 Rfd8 23. Rcd1 Qc7 24. Qd2 Rxd4 25. Qxd4 b5 26. Bd3 Nxd3 27.
Rxd3 g6 28. Qd6 Qxd6 29. Rxd6 a5 30. Rb6 b4 31. Rb5 Kf8 32. g4 h6 33. f4 Ke8
34. g5 h5 35. b3 Ra7 36. e4 Kd7 37. f5 Kc6 38. Rb8 exf5 39. exf5 gxf5 40. Kg3
Kd6 41. Kf4 h4 42. Kxf5 Ke7 43. Rh8 Rc7 44. Rxh4 Rc5+ 45. Ke4 Rxg5 46. Kd4 Rf5
47. Re4+ Kd6 48. f4 f6 49. Ke3 Rh5 50. Rd4+ Ke6 51. Rd2 Rh3+ 52. Ke2 Rh2+ 53.
Kd3 Rh3+ 54. Kd4 Rf3 55. Ke4 Rc3 56. f5+ Ke7 57. Rd5 a4 58. bxa4 Ra3 59. Ra5
Rxa2 60. Kd4 Rf2 61. Kc4 Rf4+ 62. Kb3 Kd7 63. Rd5+ Kc6 64. Ra5 Kb6 65. Rb5+ Ka6
66. Rd5 Kb7 67. Rb5+ Kc6 68. Ra5 Kb6 69. Rd5 Kc6 70. Rb5 Kc7 71. a5 Kc6 72.
Rb6+ Kc5 73. Rxf6 Rf3+ 74. Kb2 Ra3 75. a6 Kd5 76. Rb6 Kc5 77. Rg6 Kd5 78. Re6
Rh3 79. a7 Rh8 80. Re7 Kd6 81. f6 Kc6 82. f7 Kb5 83. Re8 1-0

[Event "II. CLANSKA LIGA ZAHOD 2019"]
[Site "Komenda"]
[Date "2019.11.15"]
[Round "1.5"]
[White "Turkovic, Igor"]
[Black "Leben, Dusan"]
[Result "0-1"]
[WhiteElo "1789"]
[BlackElo "1853"]
[PlyCount "83"]
[EventDate "2019.11.15"]
[WhiteTeam "SK DOLENJSKE TOPLICE"]
[BlackTeam "SK TRZIN"]

1. d4 Nf6 2. c4 e6 3. Nc3 d5 4. Nf3 c6 5. Bf4 Bd6 6. Bg3 a6 7. e3 b5 8. cxb5
cxb5 9. Bd3 Bb7 10. Rc1 O-O 11. Bh4 Be7 12. O-O Nbd7 13. Bb1 Rc8 14. Qd3 Ne4
15. Bxe7 Qxe7 16. Ne2 g6 17. Nf4 Qb4 18. Qe2 Nd6 19. Nd3 Qa5 20. h4 h6 21. Nfe5
Nxe5 22. Nxe5 Nc4 23. Ng4 Kg7 24. Rfd1 f5 25. Nh2 Nd6 26. g4 Qd8 27. gxf5 Nxf5
28. Qg4 Qf6 29. h5 g5 30. Nf3 Nxe3 31. fxe3 Qxf3 32. Qxf3 Rxf3 33. Rxc8 Bxc8
34. Re1 Rf7 35. Rc1 Bb7 36. Kg2 Re7 37. Kg3 Kf8 38. Bg6 Rd7 39. b4 Ke7 40. Rc2
Kd6 41. Kg4 Bc6 42. Rf2 {nejasno (52)} 0-1

[Event "II. CLANSKA LIGA ZAHOD 2019"]
[Site "Komenda"]
[Date "2019.11.15"]
[Round "1.6"]
[White "Bajec, Borut"]
[Black "Voglar, Peter"]
[Result "0-1"]
[WhiteElo "1742"]
[BlackElo "2046"]
[PlyCount "98"]
[EventDate "2019.11.15"]
[WhiteTeam "SK TRZIN"]
[BlackTeam "SK DOLENJSKE TOPLICE"]

1. d4 d5 2. c4 Nf6 3. Nc3 c6 4. Nf3 g6 5. e3 Bg7 6. cxd5 Nxd5 7. Bc4 O-O 8. O-O
Nb6 9. Bb3 Bg4 10. h3 Bxf3 11. Qxf3 e6 12. Ne4 Na6 13. Bd2 Qe7 14. a3 Rfd8 15.
Bc3 Nd5 16. Bd2 e5 17. dxe5 Bxe5 18. Bxd5 Rxd5 19. Bc3 f5 20. Ng3 Bxc3 21. bxc3
Nc5 22. Qf4 Ne4 23. Ne2 Rad8 24. f3 g5 25. Qh2 Nxc3 26. Nxc3 Qxe3+ 27. Kh1 Qxc3
28. Rae1 Qf6 29. Qc7 R5d7 30. Qa5 b6 31. Qa4 Kf8 32. Qb3 Rd5 33. Qa4 R8d7 34.
Qb4+ Kf7 35. Re2 Re7 36. Rc2 Kg6 37. Qa4 c5 38. Qc4 Qe6 39. Rcf2 h5 40. g3 Qe5
41. Kg2 h4 42. gxh4 Rd4 43. Qg8+ Rg7 44. h5+ Kxh5 45. Qh8+ Kg6 46. f4 Rxf4 47.
Rxf4 gxf4 48. Kh1 Qe4+ 49. Kh2 Qe2+ 0-1

[Event "II. CLANSKA LIGA ZAHOD 2019"]
[Site "Komenda"]
[Date "2019.11.15"]
[Round "1.1"]
[White "Stanic, Urban"]
[Black "Persl, Bojan"]
[Result "1/2-1/2"]
[WhiteElo "1902"]
[BlackElo "2097"]
[PlyCount "76"]
[EventDate "2019.11.15"]
[WhiteTeam "SD VRHNIKA"]
[BlackTeam "SK LJUBLJANA"]

1. e4 c5 2. Nf3 d6 3. d4 cxd4 4. Nxd4 Nf6 5. Nc3 a6 6. Be2 e6 7. a4 Be7 8. O-O
O-O 9. Be3 Qc7 10. Qd2 b6 11. f3 Bb7 12. Rad1 Nbd7 13. Qe1 d5 14. exd5 Nxd5 15.
Nxd5 Bxd5 16. Qf2 Nc5 17. b3 Bd6 18. Qh4 Be5 19. Nf5 Bb7 20. Ng3 Rad8 21. Kh1
Rd6 22. a5 b5 23. Qh5 f5 24. c4 b4 25. Bxc5 Qxc5 26. Rxd6 Qxd6 27. Rd1 Qc7 28.
Qg5 Bf4 29. Qh4 g6 30. c5 Bd5 31. Bc4 Bxg3 32. hxg3 Qxc5 33. Qd4 Qxd4 34. Rxd4
Rd8 35. Bxa6 Ra8 36. Bc4 Rxa5 37. Bxd5 Rxd5 38. Rxb4 Kg7 1/2-1/2

[Event "II. CLANSKA LIGA ZAHOD 2019"]
[Site "Komenda"]
[Date "2019.11.15"]
[Round "1.3"]
[White "Siraj, Svit"]
[Black "Topolovec, Vid"]
[Result "1-0"]
[WhiteElo "1724"]
[BlackElo "1775"]
[PlyCount "31"]
[EventDate "2019.11.15"]
[WhiteTeam "SD VRHNIKA"]
[BlackTeam "SK LJUBLJANA"]

1. d4 Nh6 2. e4 g6 3. Bd3 f6 4. f4 Nf7 5. Nf3 d6 6. O-O Bg7 7. Be3 Nd7 8. Nbd2
b6 9. c3 Bb7 10. Qb3 e5 11. Bc4 Rf8 12. Bxf7+ Rxf7 13. fxe5 fxe5 14. Ng5 Rxf1+
15. Rxf1 Qe7 16. Rf7 1-0

[Event "II. CLANSKA LIGA ZAHOD 2019"]
[Site "Komenda"]
[Date "2019.11.15"]
[Round "1.4"]
[White "Sivcevic, Nusret"]
[Black "Novak, Robert"]
[Result "1-0"]
[WhiteElo "1748"]
[BlackElo "1698"]
[PlyCount "157"]
[EventDate "2019.11.15"]
[WhiteTeam "SK LJUBLJANA"]
[BlackTeam "SD VRHNIKA"]

1. f4 e5 2. fxe5 d6 3. Nf3 dxe5 4. Nxe5 Bd6 5. Nf3 Bg4 6. g3 Nd7 7. Bg2 Ngf6 8.
c3 Qe7 9. d3 c6 10. Qc2 Ne5 11. Bg5 Nxf3+ 12. Bxf3 Bxf3 13. Rf1 Bg4 14. e4 h6
15. Bxf6 gxf6 16. Qf2 f5 17. Kd2 Qg5+ 18. Kc2 Bh3 19. Re1 Kd7 20. e5 Be7 21.
Nd2 Bg4 22. Nc4 Kc7 23. h4 Qg6 24. e6 Rhd8 25. Ne5 Qf6 26. Nxf7 Rd5 27. Re3 Bh5
28. Rae1 Bxf7 29. exf7 Bd6 30. Re8 Rd8 31. c4 Rd4 32. Rxd8 Kxd8 33. Re8+ Kc7
34. f8=Q Bxf8 35. Rxf8 Rxc4+ 36. dxc4 Qxf8 37. Qxa7 Qg8 38. Qa5+ Kb8 39. Qe5+
Ka8 40. Kc3 h5 41. b4 Qf7 42. a4 Qf8 43. Kb3 Qg8 44. a5 Qg4 45. Qe8+ Ka7 46.
Qe3+ Ka8 47. Qd3 Qg8 48. Qf3 Qf7 49. a6 Qd7 50. axb7+ Kxb7 51. b5 Qd2 52. bxc6+
Kb6 53. Qd5 Qe3+ 54. Ka4 Qc1 55. Qb5+ Kc7 56. Qb7+ Kd6 57. Qd7+ Kc5 58. Qxf5+
Kxc6 59. Qf6+ Kb7 60. Qf3+ Kc8 61. Qc6+ Kd8 62. Qb6+ Kc8 63. Qb3 Qa1+ 64. Kb5
Qe5+ 65. c5 Qb8+ 66. Kc4 Qe5 67. Qd3 Qe6+ 68. Kb4 Qg4+ 69. Ka5 Qe6 70. Qa6+
Qxa6+ 71. Kxa6 Kc7 72. Kb5 Kb7 73. Kc4 Kc6 74. Kd4 Kc7 75. Ke5 Kc6 76. Kf5 Kxc5
77. Kg5 Kd6 78. Kxh5 Ke6 79. Kg6 1-0

[Event "II. CLANSKA LIGA ZAHOD 2019"]
[Site "Komenda"]
[Date "2019.11.15"]
[Round "1.5"]
[White "Siraj, Vita"]
[Black "Hribar, Andrej"]
[Result "0-1"]
[WhiteElo "1506"]
[BlackElo "1714"]
[PlyCount "56"]
[EventDate "2019.11.15"]
[WhiteTeam "SD VRHNIKA"]
[BlackTeam "SK LJUBLJANA"]

1. d4 c6 2. Nf3 d5 3. c3 g6 4. Bf4 Bg7 5. e3 Nf6 6. Bd3 O-O 7. h3 b6 8. O-O Bb7
9. Nbd2 c5 10. Ne5 Nc6 11. Ndf3 Nd7 12. Bb5 Ndxe5 13. dxe5 a6 14. Ba4 b5 15.
Bb3 e6 16. a4 Qc7 17. axb5 axb5 18. Qe2 c4 19. Bc2 Bxe5 20. Nxe5 Nxe5 21. Qd2
f6 22. Qd4 Qc6 23. Bxe5 fxe5 24. Qxe5 d4 25. Qg5 d3 26. Bd1 Rxa1 27. Bf3 Rxf1+
28. Kxf1 Qd7 0-1

[Event "II. CLANSKA LIGA ZAHOD 2019"]
[Site "Komenda"]
[Date "2019.11.15"]
[Round "1.6"]
[White "Babic, Miroslav"]
[Black "Sirk, Matija"]
[Result "0-1"]
[WhiteElo "1695"]
[BlackElo "1322"]
[PlyCount "78"]
[EventDate "2019.11.15"]
[WhiteTeam "SK LJUBLJANA"]
[BlackTeam "SD VRHNIKA"]

1. e4 c5 2. Nf3 d6 3. Nc3 Nf6 4. d3 g6 5. Be2 Nc6 6. Bd2 Bg7 7. Qc1 O-O 8. Bh6
d5 9. Bxg7 Kxg7 10. Nxd5 Nxd5 11. exd5 Qxd5 12. a3 Nd4 13. Qd2 Nxe2 14. Qxe2
Bg4 15. Qe5+ Qxe5+ 16. Nxe5 Be6 17. h4 f6 18. Nc4 Bxc4 19. dxc4 Rad8 20. Ke2
Rd4 21. b3 Rfd8 22. Rad1 Rxd1 23. Rxd1 Rxd1 24. Kxd1 e5 25. Ke2 f5 26. Ke3 Kf6
27. f3 g5 28. h5 b6 29. c3 a6 30. g4 h6 31. a4 a5 32. b4 Ke6 33. Kd3 Kf6 34.
Ke3 Ke6 35. Kd3 fxg4 36. fxg4 axb4 37. cxb4 cxb4 38. c5 bxc5 39. a5 Kd5 0-1